000 00795nam a22002057a 4500
005 20260203104437.0
008 201006b2015 ||||| |||| 00| 0 eng
020 _a9780719032929
082 _a907 BLO
100 _dBloch March
245 _aThe historian’s craft /
_cMarch Bloch
260 _aNew York :
_bKnopf,
_c2015.
300 _axxii, 163 p. :
_c24 cm
505 _aTable of contents A note on the manuscripts of the present book, Lucien Febvre; "The Historian's Craft" introduction; history, men and time; historical observation; historical criticism; historical analysis; historical causation
650 _v Historiography
650 _a Historians-Feudalism-Biography
650 _aPhilosophy-History- Methode
650 _aGeschichtsschreibung-Literary
942 _2ddc
_cBK
999 _c120892
_d120892